000 00777nam a2200253Ia 4500
003 OSt
005 20260417173201.0
006 a|||||r|||| 00| 0
007 ta
008 220926b |||||||| |||| 00| 0 eng d
024 _a85114
037 _cTheses
040 _aCRL
_cCRL
_beng
041 _2eng
_aeng
100 _aSatya Prakash
110 _aUniversity of Delhi. Faculty of Law. Department of Law
245 0 _aParliamentary privileges in India
_b A critical analysis
260 _aDelhi
_bUniversity of Delhi India
_c2005
650 _aLAW
700 _a Prof. Parmanand Singh Gu.
_91235108
700 _aUniversity of Delhi. Faculty of Law. Department of Law
942 _cTH
_2CC
999 _c869288
_d869288